Architectural science and the sun : the poetics and pragmatics of solar design (Record no. 9560)

000 -LEADER
fixed length control field 00367nam a22001337a 4500
003 - CONTROL NUMBER IDENTIFIER
control field OSt
005 - DATE AND TIME OF LATEST TRANSACTION
control field 20210705101813.0
008 - FIXED-LENGTH DATA ELEMENTS--GENERAL INFORMATION
fixed length control field 210705b ||||| |||| 00| 0 eng d
020 ## - INTERNATIONAL STANDARD BOOK NUMBER
International Standard Book Number 9781138899216
082 ## - DEWEY DECIMAL CLASSIFICATION NUMBER
Classification number 720
Item number FAJ
100 ## - MAIN ENTRY--PERSONAL NAME
Personal name Fajkus, Matt; Whitsett, Dason
245 ## - TITLE STATEMENT
Title Architectural science and the sun : the poetics and pragmatics of solar design
942 ## - ADDED ENTRY ELEMENTS (KOHA)
Source of classification or shelving scheme
Holdings
Withdrawn status Lost status Source of classification or shelving scheme Damaged status Koha normalized classification for sorting Not for loan Permanent location Current location Date acquired Total Checkouts Full call number Barcode Date last seen Date last borrowed Price effective from Koha item type
        720_000000000000000_FAJ   BMS College of Architecture, Design and Planning BMS College of Architecture, Design and Planning 2021-07-05 1 720 FAJ AR-RD143 2022-06-21 2022-06-06 2021-07-05 R&D Books
Copyright © 2025, The Librarian, Library and Information Centre, BMSCA D&P, Bengaluru. All Rights Reserved
web counter

Powered by Koha